000
00258nam a2200097Ia 4500
001
962214
005
20250826220144.0
008
250824s9999 xx 000 0 und d
245
0
_a
DOMBİLİ KÖTÜ BİRŞEY YAPIYOR
_c
JUDITH KERR
260
_b
HEP KİTAP YAYINLARI
999
_c
962214
_d
962214